000 00751cam a2200145 4500500
005 20251228093425.0
041 _afre
042 _adc
100 1 0 _aWerth, Nicolas
_eauthor
245 0 0 _aValters NOLLENDORFS, Erwin OBERLÄNDER, eds. The Hidden and Forbidden History of Latvia under Soviet and Nazi Occupations, 1940-1991 Selected Research of the Commission of the Historians of Latvia Riga : Institute of the History of Latvia, 2005, 383p.(Symposium of the Commission of the Historians of Latvia, 14)
260 _c2005.
500 _a35
786 0 _nCahiers du monde russe | Vol 46 | 4 | 2005-11-01 | p. 859x-990x | 1252-6576
856 4 1 _uhttps://shs.cairn.info/revue-cahiers-du-monde-russe-2005-4-page-859x?lang=fr&redirect-ssocas=7080
999 _c1604350
_d1604350